Napoléon III et le Mexique (notice nᵒ 778)
[ vue normale ]
| 000 -Sello discográfico | |
|---|---|
| campo de control de longitud fija | 00971nam a2200289 4500 |
| 005 - Identificación de versión | |
| campo de control | 20251017062851.0 |
| 010 ## - Número Estándar Internacional de Libros (ISBN) | |
| Número (ISBN) | 2-7384-2336-1 |
| 035 ## - Otros números de control del sistema | |
| Número de control del sistema | 21028 |
| 099 ## - fechas locales | |
| Tipo de ítem Koha | LIBRO |
| 100 ## - Datos de procesamiento general | |
| Datos de procesamiento general | 19960712d1994 m y1spay5003 ba |
| 200 1# - Título y mención de responsabilidad | |
| Título propio | Napoléon III et le Mexique |
| Designación general del material | texto impreso |
| Otra información del título | les illusions d'un grand dessein |
| Primer mención de responsabilidad | Jean-François Lecaillon |
| Declaración de responsabilidad subsiguiente | préface Frédéric Mauro |
| 210 ## - Publicación, distribución, etc. | |
| Lugar de publicación, distribución, etc. | Paris |
| Nombre del editor, distribuidor, etc. | Editions L'Harmattan |
| Fecha de publicación, distribución, etc. | 1994 |
| 215 ## - Descripción física | |
| Designación de material específico y extensión del ítem | 260 p |
| Dimensiones | 22 cm |
| 345 ## - Nota de información de adquisición | |
| Fuente de adquisición/dirección de la suscripción [OBSOLETO] | Compra |
| 410 #1 - Series | |
| Título | Collection Horizons Amériques Latines |
| 607 ## - Nombre geográfico utilizado como tema | |
| Elemento de entrada | México |
| Subdivisión temática | Historia |
| Subdivisión cronológica | Intervención europea, 1861-1867 |
| Número Koha | 1374 |
| 660 ## - Código de área geográfica | |
| Código | MX |
| 700 ## - Nombre personal - Responsabilidad primaria | |
| Elemento de entrada | Lecaillon |
| Parte del nombre distinta del elemento de entrada | Jean-François |
| Número Koha | 2145 |
| 702 ## - Nombre personal - Responsabilidad secundaria | |
| Elemento de entrada | Mauro |
| Parte del nombre distinta del elemento de entrada | Frédéric |
| Número Koha | 2146 |
| 801 #0 - Fuente de origen | |
| Agencia | cm |
| 900 ## - | |
| -- | 1/12396 |
| 900 ## - | |
| -- | 710961888\\120796 |
| 942 ## - ELEMENTOS DE ENTRADA SECUNDARIOS (KOHA) | |
| Tipo de ítem Koha | Livre |
| 996 ## - | |
| -- | MEX |
| -- | 751145101 |
| -- | MMAG |
| -- | 003989 |
| -- | 972.07 L455N |
| -- | 20200217LIV |
| Estatus retirado | Estado de daño | Estado de pérdida | Fecha de adquisición | Biblioteca de origen | Biblioteca actual | Ubicación en estantería | Código de barras | Precio de reemplazo | Signatura topográfica completa | No para préstamo | Tipo de ítem Koha | Nota pública | Nota no pública |
|---|---|---|---|---|---|---|---|---|---|---|---|---|---|
| 05/08/2025 | Casa México Paris | Casa México Paris | 003989 | 05/08/2025 | 972.07 L455N | Livre | 20200217LIV | 751145101 |